[Event "DVM U14 2023"]
[Site "Magdeburg GER"]
[Date "2023.12.29"]
[Round "6"]
[White "Pham, Jacky"]
[Black "Schaudienst, Arvid"]
[Result "1-0"]
[Termination "normal"]
[Board "2.4"]
[WhiteElo "1336"]
[BlackElo "1503"]
[WhiteClock "00:20:17"]
[BlackClock "00:01:10"]
[WhiteTeam "USC Magdeburg"]
[BlackTeam "TSG Oberschöneweide"]
[PlyCount "105"]
[WhiteFideId "34611606"]
[BlackFideId "16266943"]
[EventCountry "GER"]
[EventRounds "7"]
[EventType "team-swiss"]
[EventDate "2023.12.26"]

1. e4 {[%clk 01:30:57]} {[%emt 00:00:01]} c5 {[%clk 01:30:55]} {[%emt
00:00:06]} 2. Nc3 {[%clk 01:31:16]} {[%emt 00:00:12]} Nc6 {[%clk 01:31:11]}
{[%emt 00:00:13]} 3. g3 {[%clk 01:31:26]} {[%emt 00:00:19]} g6 {[%clk
01:31:25]} {[%emt 00:00:17]} 4. Bg2 {[%clk 01:31:35]} {[%emt 00:00:20]} Bg7
{[%clk 01:31:46]} {[%emt 00:00:09]} 5. Nge2 {[%clk 01:31:34]} {[%emt 00:00:32]}
e6 {[%clk 01:32:00]} {[%emt 00:00:16]} 6. d3 {[%clk 01:31:40]} {[%emt
00:00:23]} Nge7 {[%clk 01:32:18]} {[%emt 00:00:12]} 7. Be3 {[%clk 01:31:48]}
{[%emt 00:00:22]} Nd4 {[%clk 01:32:20]} {[%emt 00:00:29]} 8. Qd2 {[%clk
01:31:07]} {[%emt 00:01:12]} Nec6 {[%clk 01:31:24]} {[%emt 00:01:26]} 9. Bh6
{[%clk 01:29:02]} {[%emt 00:02:34]} Bxh6 {[%clk 01:29:49]} {[%emt 00:02:05]}
10. Qxh6 {[%clk 01:28:13]} {[%emt 00:01:19]} Nxc2+ {[%clk 01:29:42]} {[%emt
00:00:38]} 11. Kd2 {[%clk 01:28:05]} {[%emt 00:00:37]} Nxa1 {[%clk 01:29:41]}
{[%emt 00:00:31]} 12. Qg7 {[%clk 01:27:52]} {[%emt 00:00:43]} Rf8 {[%clk
01:28:40]} {[%emt 00:01:31]} 13. Qxh7 {[%clk 01:26:27]} {[%emt 00:01:55]} Qb6
{[%clk 01:26:04]} {[%emt 00:03:05]} 14. Rb1 {[%clk 01:18:23]} {[%emt 00:08:34]}
c4 {[%clk 01:22:16]} {[%emt 00:04:17]} 15. dxc4 {[%clk 01:10:41]} {[%emt
00:08:14]} Nd4 {[%clk 01:16:32]} {[%emt 00:06:14]} 16. c5 {[%clk 01:03:41]}
{[%emt 00:07:30]} Qb4 {[%clk 01:07:50]} {[%emt 00:09:11]} 17. Nf4 {[%clk
00:59:54]} {[%emt 00:04:17]} Qxc5 {[%clk 00:54:51]} {[%emt 00:13:30]} 18. Rxa1
{[%clk 00:57:07]} {[%emt 00:03:16]} Nb3+ {[%clk 00:54:47]} {[%emt 00:00:35]}
19. axb3 {[%clk 00:55:15]} {[%emt 00:02:22]} Qd4+ {[%clk 00:54:42]} {[%emt
00:00:35]} 20. Nd3 {[%clk 00:54:36]} {[%emt 00:01:08]} Rh8 {[%clk 00:52:32]}
{[%emt 00:02:40]} 21. Nb5 {[%clk 00:53:32]} {[%emt 00:01:34]} Rxh7 {[%clk
00:36:56]} {[%emt 00:16:06]} 22. Nxd4 {[%clk 00:53:40]} {[%emt 00:00:22]} Rxh2
{[%clk 00:36:48]} {[%emt 00:00:39]} 23. Ke3 {[%clk 00:50:59]} {[%emt 00:03:10]}
d6 {[%clk 00:34:34]} {[%emt 00:02:44]} 24. Nf3 {[%clk 00:49:19]} {[%emt
00:02:10]} Rh5 {[%clk 00:33:30]} {[%emt 00:01:34]} 25. Rh1 {[%clk 00:46:11]}
{[%emt 00:03:38]} Rxh1 {[%clk 00:33:06]} {[%emt 00:00:55]} 26. Bxh1 {[%clk
00:46:22]} {[%emt 00:00:18]} Bd7 {[%clk 00:32:55]} {[%emt 00:00:42]} 27. e5
{[%clk 00:45:44]} {[%emt 00:01:09]} d5 {[%clk 00:30:36]} {[%emt 00:02:48]} 28.
Nd4 {[%clk 00:45:09]} {[%emt 00:01:05]} Ke7 {[%clk 00:28:28]} {[%emt 00:33:29]}
29. Bf3 {[%clk 00:41:37]} Bc6 {[%clk 00:19:25]} 30. Nc5 {[%clk 00:37:22]} Rh8
{[%clk 00:17:42]} 31. b4 {[%clk 00:37:02]} Rc8 {[%clk 00:12:48]} 32. Be2 {[%clk
00:35:00]} b6 {[%clk 00:12:25]} 33. Nd3 {[%clk 00:33:08]} {[%emt 00:01:42]} a6
{[%clk 00:09:42]} {[%emt 00:03:14]} 34. Ne1 {[%clk 00:30:26]} {[%emt 00:03:12]}
Bb7 {[%clk 00:08:47]} {[%emt 00:01:25]} 35. Nd3 {[%clk 00:30:01]} {[%emt
00:00:54]} Re8 {[%clk 00:05:29]} {[%emt 00:03:49]} 36. Bg4 {[%clk 00:26:39]}
{[%emt 00:03:49]} Bc8 {[%clk 00:02:34]} {[%emt 00:03:29]} 37. Nf4 {[%clk
00:23:44]} {[%emt 00:03:24]} g5 {[%clk 00:01:02]} {[%emt 00:02:02]} 38. Nh5
{[%clk 00:23:22]} {[%emt 00:00:39]} Rg8 {[%clk 00:00:42]} {[%emt 00:01:04]} 39.
Nf6 {[%clk 00:23:06]} {[%emt 00:00:45]} Rg6 {[%clk 00:01:02]} {[%emt 00:00:10]}
40. Nc6+ {[%clk 00:23:06]} {[%emt 00:00:30]} Kf8 {[%clk 00:01:30]} {[%emt
00:00:02]} 41. Bh5 {[%clk 00:22:16]} {[%emt 00:01:18]} Rh6 {[%clk 00:01:15]}
{[%emt 00:00:47]} 42. Nd8 {[%clk 00:19:36]} {[%emt 00:03:10]} Kg7 {[%clk
00:22:49]} {[%emt 00:08:56]} 43. Bxf7 {[%clk 00:37:14]} {[%emt 00:12:51]} Rh8
{[%clk 00:10:48]} {[%emt 00:12:32]} 44. Be8 {[%clk 00:36:27]} {[%emt 00:01:17]}
Rh1 {[%clk 00:04:08]} {[%emt 00:07:10]} 45. Bf7 {[%clk 00:30:10]} {[%emt
00:06:45]} Rb1 {[%clk 00:02:45]} {[%emt 00:01:55]} 46. Bxe6 {[%clk 00:29:35]}
{[%emt 00:01:05]} Bxe6 {[%clk 00:01:32]} {[%emt 00:01:42]} 47. Nxe6+ {[%clk
00:29:59]} {[%emt 00:00:06]} Kg6 {[%clk 00:01:26]} {[%emt 00:00:37]} 48. f4
{[%clk 00:22:02]} {[%emt 00:08:27]} gxf4+ {[%clk 00:01:51]} {[%emt 00:00:06]}
49. Nxf4+ {[%clk 00:21:25]} {[%emt 00:01:06]} Kf7 {[%clk 00:01:02]} {[%emt
00:01:19]} 50. N6xd5 {[%clk 00:20:17]} {[%emt 00:01:37]} Rxb2 {[%clk 00:00:52]}
{[%emt 00:00:41]} 51. Nd3 {[%clk 00:20:16]} {[%emt 00:00:31]} Rb3 {[%clk
00:00:47]} {[%emt 00:00:35]} 52. Nxb6 {[%clk 00:20:01]} {[%emt 00:00:45]} a5
{[%clk 00:01:10]} {[%emt 00:00:07]} 53. bxa5 {[%clk 00:20:17]} {[%emt
00:00:15]} 1-0

[Event "DVM U14 2023"]
[Site "Magdeburg GER"]
[Date "2023.12.29"]
[Round "6"]
[White "Türel, Tugrul"]
[Black "Schwitkowski, Luka"]
[Result "0-1"]
[Termination "normal"]
[Board "3.1"]
[WhiteElo "2002"]
[BlackElo "1817"]
[WhiteClock "00:03:35"]
[BlackClock "00:31:59"]
[WhiteTeam "SF München"]
[BlackTeam "SV Erkenschwick 1923"]
[PlyCount "168"]
[WhiteFideId "26338408"]
[BlackFideId "34610669"]
[EventCountry "GER"]
[EventRounds "7"]
[EventType "team-swiss"]
[EventDate "2023.12.26"]

1. e4 {[%clk 01:30:53]} {[%emt 00:00:06]} c5 {[%clk 01:30:46]} {[%emt
00:00:14]} 2. Ne2 {[%clk 01:31:09]} {[%emt 00:00:15]} d6 {[%clk 01:31:08]}
{[%emt 00:00:08]} 3. c4 {[%clk 01:31:35]} {[%emt 00:00:04]} e5 {[%clk
01:31:27]} {[%emt 00:00:10]} 4. Nbc3 {[%clk 01:32:01]} {[%emt 00:00:05]} Nc6
{[%clk 01:31:52]} {[%emt 00:00:04]} 5. d3 {[%clk 01:32:24]} {[%emt 00:00:08]}
g6 {[%clk 01:32:11]} {[%emt 00:00:10]} 6. g3 {[%clk 01:32:52]} {[%emt
00:00:03]} Bg7 {[%clk 01:32:31]} {[%emt 00:00:09]} 7. Bg2 {[%clk 01:33:18]}
{[%emt 00:00:04]} Nge7 {[%clk 01:32:55]} {[%emt 00:00:07]} 8. O-O {[%clk
01:33:44]} {[%emt 00:00:04]} O-O {[%clk 01:33:14]} {[%emt 00:00:07]} 9. Rb1
{[%clk 01:34:06]} {[%emt 00:00:11]} Rb8 {[%clk 01:26:00]} {[%emt 00:07:44]} 10.
a3 {[%clk 01:34:31]} {[%emt 00:00:06]} a5 {[%clk 01:26:19]} {[%emt 00:00:10]}
11. f4 {[%clk 01:33:35]} {[%emt 00:01:27]} exf4 {[%clk 01:26:30]} {[%emt
00:00:19]} 12. Bxf4 {[%clk 01:33:49]} {[%emt 00:00:16]} f5 {[%clk 01:25:27]}
{[%emt 00:01:32]} 13. Qd2 {[%clk 01:29:30]} {[%emt 00:04:49]} Be6 {[%clk
01:22:44]} {[%emt 00:03:13]} 14. Bh6 {[%clk 01:19:55]} {[%emt 00:10:06]} Qd7
{[%clk 01:21:11]} {[%emt 00:02:02]} 15. Bxg7 {[%clk 01:20:19]} {[%emt
00:00:07]} Kxg7 {[%clk 01:21:32]} {[%emt 00:00:09]} 16. Nf4 {[%clk 01:20:33]}
{[%emt 00:00:16]} Bf7 {[%clk 01:21:03]} {[%emt 00:00:58]} 17. Bh3 {[%clk
01:02:41]} {[%emt 00:18:23]} Nd4 {[%clk 01:20:29]} {[%emt 00:01:03]} 18. Nce2
{[%clk 01:00:43]} {[%emt 00:02:28]} Nec6 {[%clk 01:08:09]} {[%emt 00:12:48]}
19. Nxd4 {[%clk 01:00:20]} {[%emt 00:00:56]} Nxd4 {[%clk 01:07:59]} {[%emt
00:00:37]} 20. exf5 {[%clk 00:57:20]} {[%emt 00:03:33]} Nxf5 {[%clk 01:08:05]}
{[%emt 00:00:23]} 21. Nh5+ {[%clk 00:53:47]} {[%emt 00:04:04]} gxh5 {[%clk
01:07:56]} {[%emt 00:00:39]} 22. Rxf5 {[%clk 00:54:03]} {[%emt 00:00:14]} Qc7
{[%clk 01:07:53]} {[%emt 00:00:30]} 23. Qc3+ {[%clk 00:54:04]} {[%emt
00:00:32]} Kh6 {[%clk 01:06:29]} {[%emt 00:01:53]} 24. Qd2+ {[%clk 00:52:12]}
{[%emt 00:02:21]} Kg7 {[%clk 01:05:58]} {[%emt 00:01:03]} 25. Qc3+ {[%clk
00:50:27]} {[%emt 00:02:14]} Kh6 {[%clk 01:06:13]} {[%emt 00:00:16]} 26. Rbf1
{[%clk 00:50:47]} {[%emt 00:00:09]} Qe7 {[%clk 01:05:57]} {[%emt 00:00:45]} 27.
Qf6+ {[%clk 00:41:20]} {[%emt 00:09:57]} Qxf6 {[%clk 01:06:17]} {[%emt
00:00:11]} 28. Rxf6+ {[%clk 00:41:48]} {[%emt 00:00:02]} Kg7 {[%clk 01:06:26]}
{[%emt 00:00:22]} 29. Rxd6 {[%clk 00:42:14]} {[%emt 00:00:04]} Rfd8 {[%clk
01:05:00]} {[%emt 00:01:50]} 30. Rxd8 {[%clk 00:38:15]} {[%emt 00:04:35]} Rxd8
{[%clk 01:04:52]} {[%emt 00:00:38]} 31. Rf3 {[%clk 00:38:32]} {[%emt 00:00:11]}
Bg6 {[%clk 01:04:46]} {[%emt 00:00:36]} 32. Bf1 {[%clk 00:38:58]} {[%emt
00:00:05]} Rd6 {[%clk 01:04:20]} {[%emt 00:00:55]} 33. Kg2 {[%clk 00:31:27]}
{[%emt 00:08:02]} Rb6 {[%clk 01:03:54]} {[%emt 00:00:56]} 34. Rf2 {[%clk
00:31:47]} {[%emt 00:00:11]} Rb3 {[%clk 01:04:19]} {[%emt 00:00:05]} 35. Rd2
{[%clk 00:31:36]} {[%emt 00:00:40]} Kf6 {[%clk 01:04:44]} {[%emt 00:00:04]} 36.
Kf3 {[%clk 00:32:03]} {[%emt 00:00:05]} Ke5 {[%clk 01:05:02]} {[%emt 00:00:11]}
37. Ke3 {[%clk 00:32:13]} {[%emt 00:00:20]} Rb6 {[%clk 00:51:07]} {[%emt
00:46:00]} 38. Bg2 {[%clk 00:29:44]} Rb3 {[%clk 00:50:51]} 39. Bf3 {[%clk
00:29:33]} Rb6 {[%clk 00:48:11]} 40. Bd1 {[%clk 00:26:19]} Rd6 {[%clk
00:44:56]} 41. Bc2 {[%clk 00:16:46]} Rb6 {[%clk 00:44:14]} 42. b3 {[%clk
00:16:48]} Rf6 {[%clk 00:44:14]} 43. b4 {[%clk 00:14:59]} b6 {[%clk 00:43:49]}
44. bxc5 {[%clk 00:02:46]} {[%emt 00:11:39]} bxc5 {[%clk 00:44:05]} {[%emt
00:00:12]} 45. Rd1 {[%clk 00:29:02]} {[%emt 00:04:17]} h4 {[%clk 01:05:16]}
{[%emt 00:09:19]} 46. Rb1 {[%clk 00:26:36]} {[%emt 00:02:55]} Bh5 {[%clk
01:05:22]} {[%emt 00:00:24]} 47. gxh4 {[%clk 00:24:52]} {[%emt 00:02:15]} Rf3+
{[%clk 01:05:13]} {[%emt 00:00:39]} 48. Kd2 {[%clk 00:18:01]} {[%emt 00:07:20]}
Kd4 {[%clk 01:05:01]} {[%emt 00:00:41]} 49. Rb7 {[%clk 00:11:15]} {[%emt
00:07:18]} Rf2+ {[%clk 01:03:05]} {[%emt 00:02:26]} 50. Kc1 {[%clk 00:11:38]}
{[%emt 00:00:06]} Bf3 {[%clk 00:56:30]} {[%emt 00:07:05]} 51. Rb8 {[%clk
00:06:41]} {[%emt 00:05:28]} Rxh2 {[%clk 00:56:21]} {[%emt 00:00:39]} 52. Rf8
{[%clk 00:04:49]} {[%emt 00:02:22]} Be2 {[%clk 00:55:43]} {[%emt 00:01:08]} 53.
Rb8 {[%clk 00:03:00]} {[%emt 00:02:19]} h5 {[%clk 00:48:49]} {[%emt 00:07:23]}
54. Rb7 {[%clk 00:02:39]} {[%emt 00:00:52]} Bg4 {[%clk 00:48:37]} {[%emt
00:00:42]} 55. Rb8 {[%clk 00:02:24]} {[%emt 00:00:45]} Be2 {[%clk 00:46:58]}
{[%emt 00:02:08]} 56. a4 {[%clk 00:02:21]} {[%emt 00:00:34]} Bg4 {[%clk
00:41:56]} {[%emt 00:05:32]} 57. Rb6 {[%clk 00:02:06]} {[%emt 00:00:45]} Rxh4
{[%clk 00:32:36]} {[%emt 00:09:50]} 58. Kb2 {[%clk 00:02:27]} {[%emt 00:00:09]}
Rh2 {[%clk 00:33:03]} {[%emt 00:00:02]} 59. Rd6+ {[%clk 00:02:20]} {[%emt
00:00:37]} Ke3 {[%clk 00:32:38]} {[%emt 00:00:56]} 60. Kc3 {[%clk 00:02:39]}
{[%emt 00:00:11]} Rf2 {[%clk 00:32:45]} {[%emt 00:00:23]} 61. Rh6 {[%clk
00:00:41]} {[%emt 00:02:28]} Rf1 {[%clk 00:31:04]} {[%emt 00:02:11]} 62. Rh8
{[%clk 00:00:54]} {[%emt 00:00:17]} Rf4 {[%clk 00:29:59]} {[%emt 00:01:35]} 63.
Rh7 {[%clk 00:00:38]} {[%emt 00:00:47]} Bf3 {[%clk 00:29:32]} {[%emt 00:00:56]}
64. Rh8 {[%clk 00:00:33]} {[%emt 00:00:35]} h4 {[%clk 00:29:52]} {[%emt
00:00:10]} 65. Rh7 {[%clk 00:00:35]} {[%emt 00:00:27]} Bg2 {[%clk 00:29:06]}
{[%emt 00:01:17]} 66. Bd1 {[%clk 00:00:42]} {[%emt 00:00:23]} h3 {[%clk
00:29:03]} {[%emt 00:00:32]} 67. Rh8 {[%clk 00:00:35]} {[%emt 00:00:38]} Kf2
{[%clk 00:29:12]} {[%emt 00:00:21]} 68. Kd2 {[%clk 00:00:36]} {[%emt 00:00:29]}
Kg1 {[%clk 00:28:48]} {[%emt 00:00:54]} 69. Ke3 {[%clk 00:00:46]} {[%emt
00:00:19]} Rf6 {[%clk 00:27:50]} {[%emt 00:01:29]} 70. Bc2 {[%clk 00:00:32]}
{[%emt 00:00:44]} h2 {[%clk 00:28:08]} {[%emt 00:00:12]} 71. d4 {[%clk
00:00:49]} {[%emt 00:00:13]} Rf3+ {[%clk 00:28:13]} {[%emt 00:00:24]} 72. Ke2
{[%clk 00:00:35]} {[%emt 00:00:45]} Rh3 {[%clk 00:28:39]} {[%emt 00:00:04]} 73.
Rg8 {[%clk 00:00:36]} {[%emt 00:00:30]} h1=Q {[%clk 00:28:33]} {[%emt
00:00:35]} 74. Be4 {[%clk 00:01:01]} {[%emt 00:00:05]} cxd4 {[%clk 00:28:21]}
{[%emt 00:00:42]} 75. Rxg2+ {[%clk 00:00:44]} {[%emt 00:00:47]} Qxg2+ {[%clk
00:28:44]} {[%emt 00:00:07]} 76. Bxg2 {[%clk 00:01:10]} {[%emt 00:00:04]} Kxg2
{[%clk 00:29:07]} {[%emt 00:00:06]} 77. c5 {[%clk 00:01:29]} {[%emt 00:00:11]}
Rc3 {[%clk 00:29:35]} {[%emt 00:00:02]} 78. c6 {[%clk 00:01:51]} {[%emt
00:00:09]} Rxc6 {[%clk 00:29:48]} {[%emt 00:00:17]} 79. Kd3 {[%clk 00:02:17]}
{[%emt 00:00:04]} Rd6 {[%clk 00:30:10]} {[%emt 00:00:07]} 80. Kc2 {[%clk
00:02:25]} {[%emt 00:00:23]} d3+ {[%clk 00:30:40]} {[%emt 00:00:01]} 81. Kd2
{[%clk 00:02:41]} {[%emt 00:00:14]} Rd7 {[%clk 00:31:02]} {[%emt 00:00:07]} 82.
Ke3 {[%clk 00:02:46]} {[%emt 00:00:24]} d2 {[%clk 00:31:25]} {[%emt 00:00:08]}
83. Ke4 {[%clk 00:03:14]} {[%emt 00:00:03]} d1=Q {[%clk 00:31:45]} {[%emt
00:00:09]} 84. Ke3 {[%clk 00:03:35]} {[%emt 00:00:09]} Qf3# {[%clk 00:31:59]}
{[%emt 00:00:16]} 0-1

[Event "DVM U14 2023"]
[Site "Magdeburg GER"]
[Date "2023.12.29"]
[Round "6"]
[White "Merenda, Lukas-Benedikt"]
[Black "Allen, Phillipp"]
[Result "1/2-1/2"]
[Termination "normal"]
[Board "3.3"]
[WhiteElo "1707"]
[BlackElo "1628"]
[WhiteClock "00:22:18"]
[BlackClock "00:52:40"]
[WhiteTeam "SF München"]
[BlackTeam "SV Erkenschwick 1923"]
[PlyCount "84"]
[WhiteFideId "34603336"]
[BlackFideId "16272846"]
[EventCountry "GER"]
[EventRounds "7"]
[EventType "team-swiss"]
[EventDate "2023.12.26"]

1. e4 {[%clk 01:30:58]} {[%emt 00:00:01]} c5 {[%clk 01:30:52]} {[%emt
00:00:08]} 2. Nc3 {[%clk 01:31:24]} {[%emt 00:00:04]} Nc6 {[%clk 01:30:57]}
{[%emt 00:00:24]} 3. Bb5 {[%clk 01:31:47]} {[%emt 00:00:07]} g6 {[%clk
01:31:00]} {[%emt 00:00:28]} 4. Bxc6 {[%clk 01:31:42]} {[%emt 00:00:36]} dxc6
{[%clk 01:30:31]} {[%emt 00:00:58]} 5. d3 {[%clk 01:31:20]} {[%emt 00:00:52]}
Bg7 {[%clk 01:30:46]} {[%emt 00:00:15]} 6. Be3 {[%clk 01:31:33]} {[%emt
00:00:18]} b6 {[%clk 01:31:07]} {[%emt 00:00:08]} 7. Qd2 {[%clk 01:30:43]}
{[%emt 00:01:20]} e5 {[%clk 01:30:47]} {[%emt 00:00:50]} 8. Nge2 {[%clk
01:28:25]} {[%emt 00:02:48]} Ne7 {[%clk 01:25:30]} {[%emt 00:05:46]} 9. O-O-O
{[%clk 01:23:43]} {[%emt 00:05:12]} O-O {[%clk 01:25:38]} {[%emt 00:00:21]} 10.
Bh6 {[%clk 01:22:29]} {[%emt 00:01:46]} a5 {[%clk 01:23:19]} {[%emt 00:02:49]}
11. h4 {[%clk 01:18:01]} {[%emt 00:04:59]} a4 {[%clk 01:18:00]} {[%emt
00:05:47]} 12. h5 {[%clk 01:12:56]} {[%emt 00:05:37]} Qd6 {[%clk 01:10:52]}
{[%emt 00:07:37]} 13. Bxg7 {[%clk 01:07:59]} {[%emt 00:05:27]} Kxg7 {[%clk
01:11:14]} {[%emt 00:00:08]} 14. hxg6 {[%clk 01:08:03]} {[%emt 00:00:26]} Qxg6
{[%clk 01:11:36]} {[%emt 00:00:08]} 15. Rh2 {[%clk 01:05:46]} {[%emt 00:02:48]}
b5 {[%clk 01:10:50]} {[%emt 00:01:15]} 16. Rdh1 {[%clk 01:05:15]} {[%emt
00:01:02]} Rh8 {[%clk 01:11:04]} {[%emt 00:00:15]} 17. Rh6 {[%clk 01:04:53]}
{[%emt 00:00:52]} Qg4 {[%clk 01:08:26]} {[%emt 00:03:08]} 18. f3 {[%clk
01:02:35]} {[%emt 00:02:48]} Qd7 {[%clk 01:08:48]} {[%emt 00:00:08]} 19. Qg5+
{[%clk 00:58:43]} {[%emt 00:04:22]} Ng6 {[%clk 01:09:05]} {[%emt 00:00:13]} 20.
f4 {[%clk 00:55:51]} {[%emt 00:03:22]} Qg4 {[%clk 01:05:40]} {[%emt 00:03:55]}
21. Qxg4 {[%clk 00:48:58]} {[%emt 00:07:24]} Bxg4 {[%clk 01:05:37]} {[%emt
00:00:32]} 22. f5 {[%clk 00:49:08]} {[%emt 00:00:20]} b4 {[%clk 01:03:53]}
{[%emt 00:02:14]} 23. fxg6 {[%clk 00:45:54]} {[%emt 00:03:45]} bxc3 {[%clk
01:03:55]} {[%emt 00:00:28]} 24. Nxc3 {[%clk 00:45:52]} {[%emt 00:00:31]} fxg6
{[%clk 01:03:41]} {[%emt 00:00:45]} 25. R6h4 {[%clk 00:43:49]} {[%emt
00:02:32]} Be6 {[%clk 01:03:38]} {[%emt 00:00:30]} 26. Rf1 {[%clk 00:39:42]}
{[%emt 00:04:40]} a3 {[%clk 01:01:51]} {[%emt 00:02:17]} 27. b3 {[%clk
00:39:11]} {[%emt 00:01:02]} Rhf8 {[%clk 01:01:53]} {[%emt 00:00:26]} 28. Rhh1
{[%clk 00:39:01]} {[%emt 00:00:42]} h5 {[%clk 00:57:04]} {[%emt 00:05:19]} 29.
Kd2 {[%clk 00:37:09]} {[%emt 00:02:21]} Rf7 {[%clk 00:54:00]} {[%emt 00:03:34]}
30. Rxf7+ {[%clk 00:33:52]} {[%emt 00:03:47]} Kxf7 {[%clk 00:54:16]} {[%emt
00:00:14]} 31. Na4 {[%clk 00:31:46]} {[%emt 00:02:36]} c4 {[%clk 00:54:31]}
{[%emt 00:00:15]} 32. Nc5 {[%clk 00:31:48]} {[%emt 00:00:28]} cxb3 {[%clk
00:54:35]} {[%emt 00:00:26]} 33. cxb3 {[%clk 00:30:02]} {[%emt 00:02:16]} Ke7
{[%clk 00:53:00]} {[%emt 00:02:03]} 34. Nxe6 {[%clk 00:26:41]} {[%emt
00:35:18]} Kxe6 {[%clk 00:53:24]} 35. Rc1 {[%clk 00:26:57]} Kd6 {[%clk
00:53:45]} 36. Rf1 {[%clk 00:27:09]} Ke7 {[%clk 00:53:48]} 37. Ke3 {[%clk
00:25:47]} c5 {[%clk 00:52:38]} 38. Rc1 {[%clk 00:25:42]} Kd6 {[%clk 00:51:20]}
39. Rf1 {[%clk 00:23:05]} Ke7 {[%clk 00:51:44]} 40. Rc1 {[%clk 00:21:51]} Kd6
{[%clk 00:51:54]} 41. Rf1 {[%clk 00:21:53]} Ke7 {[%clk 00:52:14]} 42. Rc1
{[%clk 00:22:18]} Kd6 {[%clk 00:52:40]} 1/2-1/2

[Event "DVM U14 2023"]
[Site "Magdeburg GER"]
[Date "2023.12.29"]
[Round "6"]
[White "Al Marawi, Yousef"]
[Black "Büchel, David"]
[Result "1-0"]
[Termination "normal"]
[Board "3.4"]
[WhiteElo "1563"]
[BlackElo "1572"]
[WhiteClock "00:17:30"]
[BlackClock "00:00:47"]
[WhiteTeam "SV Erkenschwick 1923"]
[BlackTeam "SF München"]
[PlyCount "73"]
[WhiteFideId "34607420"]
[BlackFideId "34603689"]
[EventCountry "GER"]
[EventRounds "7"]
[EventType "team-swiss"]
[EventDate "2023.12.26"]

1. e4 {[%clk 01:30:58]} {[%emt 00:00:02]} c5 {[%clk 01:30:56]} {[%emt
00:00:05]} 2. Nf3 {[%clk 01:31:16]} {[%emt 00:00:11]} d6 {[%clk 01:30:33]}
{[%emt 00:00:53]} 3. d4 {[%clk 01:31:39]} {[%emt 00:00:06]} cxd4 {[%clk
01:30:59]} {[%emt 00:00:04]} 4. Nxd4 {[%clk 01:32:00]} {[%emt 00:00:09]} Nf6
{[%clk 01:31:23]} {[%emt 00:00:06]} 5. Nc3 {[%clk 01:32:19]} {[%emt 00:00:12]}
g6 {[%clk 01:31:47]} {[%emt 00:00:06]} 6. f3 {[%clk 01:32:01]} {[%emt
00:00:48]} Bg7 {[%clk 01:32:11]} {[%emt 00:00:06]} 7. Be3 {[%clk 01:32:25]}
{[%emt 00:00:06]} Nc6 {[%clk 01:32:13]} {[%emt 00:00:28]} 8. Qd2 {[%clk
01:32:08]} {[%emt 00:00:47]} Bd7 {[%clk 01:32:23]} {[%emt 00:00:19]} 9. g4
{[%clk 01:30:39]} {[%emt 00:02:00]} h6 {[%clk 01:23:52]} {[%emt 00:09:00]} 10.
Be2 {[%clk 01:28:32]} {[%emt 00:02:37]} a6 {[%clk 01:21:47]} {[%emt 00:02:36]}
11. h4 {[%clk 01:21:56]} {[%emt 00:07:06]} b5 {[%clk 01:15:46]} {[%emt
00:06:31]} 12. O-O-O {[%clk 01:14:21]} {[%emt 00:08:05]} h5 {[%clk 00:53:03]}
{[%emt 00:23:13]} 13. g5 {[%clk 01:11:23]} {[%emt 00:03:28]} Nh7 {[%clk
00:51:20]} {[%emt 00:02:12]} 14. Nd5 {[%clk 01:10:04]} {[%emt 00:01:49]} Rb8
{[%clk 00:40:46]} {[%emt 00:11:04]} 15. f4 {[%clk 01:04:49]} {[%emt 00:05:45]}
Qc8 {[%clk 00:28:42]} {[%emt 00:12:34]} 16. f5 {[%clk 00:58:31]} {[%emt
00:06:48]} Ne5 {[%clk 00:19:20]} {[%emt 00:09:52]} 17. Rhf1 {[%clk 00:49:19]}
{[%emt 00:09:42]} e6 {[%clk 00:11:02]} 18. fxe6 {[%clk 00:49:19]} Bxe6 {[%clk
00:11:02]} 19. Nxe6 fxe6 {[%clk 00:05:15]} 20. Nf6+ {[%clk 00:29:40]} Nxf6
{[%clk 00:04:19]} {[%emt 00:00:46]} 21. gxf6 {[%emt 00:00:39]} Bf8 {[%clk
00:04:17]} {[%emt 00:00:28]} 22. Bf4 {[%clk 00:26:03]} {[%emt 00:04:00]} Nf7
{[%clk 00:03:21]} {[%emt 00:01:28]} 23. Rg1 {[%clk 00:24:45]} {[%emt 00:01:48]}
e5 {[%clk 00:01:44]} {[%emt 00:02:08]} 24. Be3 {[%clk 00:24:13]} {[%emt
00:01:01]} Qe6 {[%clk 00:01:06]} {[%emt 00:01:08]} 25. Rxg6 {[%clk 00:22:09]}
{[%emt 00:02:34]} Qxa2 {[%clk 00:01:15]} {[%emt 00:00:22]} 26. Qc3 {[%clk
00:22:22]} {[%emt 00:00:17]} Kd7 {[%clk 00:00:43]} {[%emt 00:01:01]} 27. b3
{[%clk 00:20:12]} {[%emt 00:02:40]} Qa3+ {[%clk 00:00:41]} {[%emt 00:00:32]}
28. Kb1 {[%clk 00:20:03]} {[%emt 00:00:39]} Rc8 {[%clk 00:00:37]} {[%emt
00:00:35]} 29. Qd2 {[%clk 00:19:09]} {[%emt 00:01:22]} Rb8 {[%clk 00:00:34]}
{[%emt 00:00:35]} 30. Qd5 {[%clk 00:19:04]} {[%emt 00:00:35]} Nd8 {[%clk
00:00:33]} {[%emt 00:00:31]} 31. Bc5 {[%clk 00:19:11]} {[%emt 00:00:23]} Qa5
{[%clk 00:00:40]} {[%emt 00:00:22]} 32. Bxd6 {[%clk 00:19:21]} {[%emt
00:00:20]} Kc8 {[%clk 00:00:37]} {[%emt 00:00:33]} 33. Bxf8 {[%clk 00:19:28]}
{[%emt 00:00:23]} Rb7 {[%clk 00:00:41]} {[%emt 00:00:27]} 34. Be7 {[%clk
00:17:49]} {[%emt 00:02:08]} Qc7 {[%clk 00:00:40]} {[%emt 00:00:31]} 35. Rg8
{[%clk 00:17:14]} {[%emt 00:01:05]} Rxg8 {[%clk 00:00:46]} {[%emt 00:00:25]}
36. Qxg8 {[%clk 00:17:36]} {[%emt 00:00:08]} Rb8 {[%clk 00:00:47]} {[%emt
00:00:29]} 37. Rxd8+ {[%clk 00:17:30]} {[%emt 00:00:35]} 1-0